Länder mit dem höchsten Schokoladenkonsum - Statistiken

Allgemein
  • Dieses Quiz wurde 311 mal gespielt
  • Das Durchschnittsergebnis liegt bei 16 aus 20
Antwortstatistiken
Platz Land Konsum in kg % Korrekt
3. Deutschland 7,9
100%
19. Vereinigte Staaten 4,4
98%
1. Schweiz 8,8
96%
20. Frankreich 4,3
92%
2. Österreich 8,1
91%
10. Belgien 5,6
90%
8. Norwegen 5,8
88%
6. Schweden 6,6
88%
11. Finnland 5,4
87%
9. Polen 5,7
87%
18. Russland 4,8
87%
13. Niederlande 5,1
86%
5. Vereinigtes Königreich 7,6
84%
15. Dänemark 4,9
81%
15. Tschechien 4,9
79%
3. Irland 7,9
76%
15. Australien 4,9
63%
7. Estland 6,5
63%
12. Slowakei 5,2
59%
14. Neuseeland 5
49%
Keine übereinstimmenden Quizze gefunden
Verteilung der Resultate
Anzahl Personen mit jedem Resultat
Perzentil nach korrekt beantworteten Fragen
Ihre Resultats-Entwicklung
Sie haben dieses Quiz noch nicht gespielt